Statystyki dla Top 10 największych sieci handlowych w Polsce

Kliknij tutaj aby rozwiązać quiz!

Ogólne statystyki

  • Ten quiz został rozwiązany 402 razy
  • Średni wynik to 6 z 10

Statystyki odpowiedzi

PrzychódSklep% Poprawnych
55,7 mld złBiedronka
99%
18,5 mld złLidl
98%
8,6 mld złŻabka
80%
9,7 mld złKaufland
72%
7,9 mld złDino
70%
11,5 mld złAuchan
67%
9.6 mld złCarrefour
65%
10,6 mld złTesco
60%
8,79 mld złRossman
19%
16,2 mld złEurocash
6%

Rozkład punktacji

Percentyl według liczby udzielonych odpowiedzi

Procent ludzi z każdym wynikiem

Twoja historia wyników

Nie rozwiązałeś tego quizu